[Event "Nyiregyhaza op"]
[Site "Nyiregyhaza"]
[Date "1998.??.??"]
[Round "7"]
[White "Flament, Frederic"]
[Black "Homoki, Gabor"]
[Result "1/2-1/2"]
[WhiteElo "2095"]
[BlackElo "2025"]
[PlyCount "88"]
[EventDate "1998.07.??"]
[EventType "swiss"]
[EventRounds "9"]
[EventCountry "HUN"]
[SourceTitle "EXT 2002"]
[Source "ChessBase"]
[SourceDate "2001.11.25"]
[SourceVersion "1"]
[SourceVersionDate "2001.11.25"]
[SourceQuality "1"]

1. f4 d6 2. Nf3 Nf6 3. b3 c5 4. Bb2 Nc6 5. e3 e6 6. Be2 Be7 7. 0-0 Qc7 8. a4 b6 9. Na3 a6 10. Nc4 Bb7 11. Qe1 Nb4 12. Na3 Be4 13. d3 Bb7 14. e4 Rg8 15. Nd2 d5 16. f5 0-0-0 17. e5 Nd7 18. fxe6 fxe6 19. Rf7 Rde8 20. Bg4 Bd8 21. Qe2 Nc6 22. Nf3 h6 23. Re1 g6 24. Nd2 h5 25. Bf3 Ref8 26. Rxf8 Nxf8 27. c4 d4 28. Nc2 Bg5 29. b4 Nd7 30. Bxc6 Qxc6 31. b5 axb5 32. cxb5 Qc7 33. Nc4 Be7 34. Rc1 Bd5 35. Nxd4 Bg5 36. Rc2 Bxc4 37. Rxc4 Qxe5 38. Qxe5 Nxe5 39. Rc2 Be3+ 40. Kf1 Bxd4 41. Bxd4 Nxd3 42. Bc3 Rf8+ 43. Ke2 Nf4+ 44. Ke1 Nd3+ 1/2-1/2

[Event "Nyiregyhaza op"]
[Site "Nyiregyhaza"]
[Date "1998.??.??"]
[Round "1"]
[White "Rigan, Jozsef"]
[Black "Homoki, Gabor"]
[Result "1-0"]
[WhiteElo "2180"]
[BlackElo "2025"]
[PlyCount "122"]
[EventDate "1998.07.??"]
[EventType "swiss"]
[EventRounds "9"]
[EventCountry "HUN"]
[SourceTitle "EXT 2002"]
[Source "ChessBase"]
[SourceDate "2001.11.25"]
[SourceVersion "1"]
[SourceVersionDate "2001.11.25"]
[SourceQuality "1"]

1. d4 Nf6 2. Nf3 g6 3. Bf4 Bg7 4. e3 d6 5. Be2 0-0 6. c3 Nbd7 7. Nbd2 c5 8. 0-0 b6 9. h3 Bb7 10. Re1 Qc7 11. Rc1 e5 12. dxe5 dxe5 13. Bg3 Rfe8 14. Nc4 Ne4 15. Bh2 Qc6 16. Bf1 Rad8 17. Qe2 Re6 18. Red1 Bf6 19. a4 a6 20. Ra1 Kh8 21. Ne1 Nd6 22. Nxd6 Rxd6 23. Rxd6 Qxd6 24. Rd1 Qc6 25. Qc4 Kg7 26. Be2 Be7 27. Bf3 Qc7 28. Bxb7 Qxb7 29. Qd5 Qxd5 30. Rxd5 f6 31. f4 exf4 32. exf4 Nf8 33. c4 Kf7 34. Nc2 Rxd5 35. cxd5 Bd6 36. Na3 Nd7 37. Kf2 Ke7 38. g4 f5 39. g5 Bc7 40. Nc4 b5 41. axb5 axb5 42. Na3 b4 43. Nc4 Nb6 44. Ne3 Kd6 45. h4 Nxd5 46. Nc4+ Ke6 47. Kf3 Nb6 48. Ne3 Na4 49. b3 Nc3 50. Bg3 Nb5 51. Nc2 Bd6 52. Bf2 Nc3 53. Be3 Kd5 54. Bf2 Nd1 55. Be1 c4 56. bxc4+ Kxc4 57. Bxb4 Bxb4 58. h5 Bd6 59. hxg6 hxg6 60. Ne1 Nc3 61. Ng2 Nd5 1-0